[Event "Helsingor Xtracon op"]
[Site "Helsingor"]
[Date "2017.07.27"]
[Round "7"]
[White "Dishman, Matthew"]
[Black "Lenaerts, Robbe"]
[Result "1-0"]
[WhiteElo "1824"]
[BlackElo "1386"]
[PlyCount "120"]
[EventDate "2017.07.22"]
[EventType "swiss"]
[EventRounds "10"]
[EventCountry "DEN"]
[SourceTitle "CBM 179 Extra"]
[Source "ChessBase"]
[SourceDate "2017.08.23"]
[SourceVersion "1"]
[SourceVersionDate "2017.08.23"]
[SourceQuality "1"]

1. e4 d5 2. exd5 Nf6 3. d4 Nxd5 4. Nf3 Bf5 5. Be2 e6 6. 0-0 Bd6 7. a3 0-0 8. c4 Nf4 9. Nc3 Nxe2+ 10. Qxe2 c5 11. Be3 cxd4 12. Nxd4 Bg6 13. Rfd1 Qc7 14. h3 a6 15. b4 Nc6 16. Rac1 Nxd4 17. Bxd4 Rfd8 18. c5 Bf4 19. Be3 Be5 20. Na4 Rxd1+ 21. Rxd1 Rd8 22. Nb6 Rxd1+ 23. Qxd1 h6 24. a4 Qc6 25. Qb3 Qe4 26. Nc4 Bf6 27. Nd6 Qc2 28. Qxc2 Bxc2 29. Nxb7 Bxa4 30. Bd2 Kf8 31. g4 Ke8 32. Nd6+ Ke7 33. Kf1 Be5 34. Ne4 f6 35. f4 Bc7 36. Kf2 g5 37. fxg5 hxg5 38. Bc3 f5 39. gxf5 exf5 40. Nxg5 Bd7 41. h4 Bf4 42. Kf3 Bc1 43. Ke2 Bb5+ 44. Kf2 f4 45. h5 Be3+ 46. Ke1 Kd7 47. Bd2 Bd4 48. Bxf4 Bd3 49. Nf3 Bf6 50. Be5 Bd8 51. h6 Kc6 52. Kd2 Bh7 53. Ke3 Kb5 54. Kf4 a5 55. bxa5 Kxc5 56. Bc3 Kb5 57. Ke5 Bxa5 58. Bxa5 Kxa5 59. Kf6 Kb6 60. Kg7 Bb1 1-0

[Event "Helsingor Xtracon op"]
[Site "Helsingor"]
[Date "2017.07.22"]
[Round "1"]
[White "Lenaerts, Robbe"]
[Black "Fossan, Andreas"]
[Result "0-1"]
[WhiteElo "1386"]
[BlackElo "1998"]
[PlyCount "48"]
[EventDate "2017.07.22"]
[EventType "swiss"]
[EventRounds "10"]
[EventCountry "DEN"]
[SourceTitle "CBM 179 Extra"]
[Source "ChessBase"]
[SourceDate "2017.08.23"]
[SourceVersion "1"]
[SourceVersionDate "2017.08.23"]
[SourceQuality "1"]

1. d4 e6 2. Nf3 Nf6 3. e3 c5 4. b3 b6 5. Bb2 Bb7 6. Nbd2 Be7 7. Bd3 cxd4 8. exd4 0-0 9. 0-0 d6 10. c4 Nbd7 11. Re1 Re8 12. Ng5 d5 13. Ngf3 Rc8 14. Ne5 dxc4 15. bxc4 Nxe5 16. Rxe5 Bd6 17. Re3 Ba6 18. Qa4 Bb7 19. d5 Bxh2+ 20. Kh1 Bf4 21. Rae1 Ng4 22. d6 Qh4+ 23. Rh3 Qxh3+ 24. Kg1 Qxg2# 0-1

[Event "BEL-ch U14"]
[Site "Blankenberge"]
[Date "2015.04.15"]
[Round "5"]
[White "Tanghe, Joran"]
[Black "Lenaerts, Robbe"]
[Result "1-0"]
[WhiteElo "1214"]
[BlackElo "1269"]
[PlyCount "115"]
[EventDate "2015.04.12"]
[EventType "swiss"]
[EventRounds "9"]
[EventCountry "BEL"]
[SourceTitle "CBM 166 Extra"]
[Source "ChessBase"]
[SourceDate "2015.06.18"]
[SourceVersion "1"]
[SourceVersionDate "2015.06.18"]
[SourceQuality "1"]

1. e4 d5 2. exd5 Nf6 3. Nf3 Nxd5 4. d4 Bf5 5. Bc4 Nb4 6. Bb3 e6 7. a3 Nd5 8. 0-0 c5 9. c4 Nf6 10. d5 exd5 11. cxd5 Bd6 12. Re1+ Kf8 13. Bg5 Nbd7 14. Nc3 a6 15. a4 h6 16. Bh4 g5 17. Bg3 Bxg3 18. fxg3 g4 19. Ne5 Nb6 20. Rf1 Bg6 21. Nxg6+ fxg6 22. Qxg4 Kg7 23. Qf3 Rf8 24. Qd3 c4 25. Bxc4 Qe7 26. Rae1 Qc5+ 27. Kh1 Nxc4 28. b4 Qc7 29. Qd4 Nd6 30. Re6 Nde8 31. Ne4 b5 32. Nxf6 Nxf6 33. Rexf6 Rxf6 34. Qxf6+ Kh7 35. axb5 axb5 36. Qf7+ Qxf7 37. Rxf7+ Kg8 38. Rf1 Rf8 39. Rd1 Rd8 40. Kg1 Kf7 41. Kf2 Kf6 42. Kf3 Kf5 43. d6 h5 44. h4 Ke5 45. d7 Kf5 46. Rd2 Ke5 47. g4 Kf6 48. gxh5 gxh5 49. Kf4 Ke6 50. g4 hxg4 51. Kxg4 Kf6 52. h5 Rg8+ 53. Kf4 Rd8 54. h6 Kg6 55. Rd6+ Kh7 56. Ke5 Re8+ 57. Re6 Rd8 58. Kd6 1-0